[Event "GRE-ch Online Blitz op 1st"]
[Site "Tornelo INT"]
[Date "2021.02.07"]
[Round "12"]
[White "Pantelidis, Kosmas"]
[Black "Chorafas, Dimitrios"]
[Result "0-1"]
[WhiteElo "1315"]
[BlackElo "1018"]
[PlyCount "88"]
[EventDate "2021.02.07"]
[EventType "swiss (blitz)"]
[EventRounds "16"]
[EventCountry "GRE"]
[SourceTitle "EXT 2023"]
[Source "ChessBase"]
[SourceDate "2022.10.05"]
[SourceVersion "1"]
[SourceVersionDate "2022.10.05"]
[SourceQuality "1"]

1. e4 e5 2. Nf3 Nf6 3. Nxe5 d6 4. Nf3 Nxe4 5. Nc3 Nxc3 6. dxc3 Nc6 7. Be3 Bg4 8. h3 Bh5 9. Be2 Be7 10. Qd2 Bg6 11. Nd4 Nxd4 12. Bxd4 Bf6 13. g3 Bxd4 14. cxd4 Qd7 15. 0-0-0 0-0-0 16. Rhe1 a6 17. h4 Rde8 18. f3 Re6 19. g4 h6 20. Bc4 Rxe1 21. Rxe1 Re8 22. Rxe8+ Qxe8 23. h5 Bh7 24. Kd1 f6 25. c3 Qc6 26. Be2 Qa4+ 27. Ke1 Qxa2 28. Qe3 Qf7 29. c4 Kd7 30. b4 Qe6 31. Qc3 g6 32. hxg6 Bxg6 33. c5 dxc5 34. dxc5 h5 35. gxh5 Bxh5 36. Kf2 Ke7 37. b5 axb5 38. Bxb5 c6 39. Bc4 Qf5 40. Qe1+ Kf8 41. Be2 Qxc5+ 42. Kg2 Qg5+ 43. Kf2 Qh4+ 44. Ke3 Qxe1 0-1

[Event "GRE-ch Online Blitz op 1st"]
[Site "Tornelo INT"]
[Date "2021.02.07"]
[Round "10"]
[White "Siakavaras, Konstantinos"]
[Black "Chorafas, Dimitrios"]
[Result "1/2-1/2"]
[WhiteElo "1116"]
[BlackElo "1018"]
[PlyCount "116"]
[EventDate "2021.02.07"]
[EventType "swiss (blitz)"]
[EventRounds "16"]
[EventCountry "GRE"]
[SourceTitle "EXT 2023"]
[Source "ChessBase"]
[SourceDate "2022.10.05"]
[SourceVersion "1"]
[SourceVersionDate "2022.10.05"]
[SourceQuality "1"]

1. e4 e5 2. Nf3 Nc6 3. Bb5 Nf6 4. Nc3 Bb4 5. 0-0 0-0 6. d3 d6 7. Bg5 Bxc3 8. bxc3 Bg4 9. h3 Bh5 10. Bxc6 bxc6 11. Re1 h6 12. Bh4 Re8 13. Rb1 Rb8 14. Rxb8 Qxb8 15. Bxf6 gxf6 16. Qb1 Bxf3 17. gxf3 Kg7 18. Kh2 Qb6 19. Rg1+ Kh8 20. Qc1 Kh7 21. f4 Qxf2+ 22. Kh1 Rg8 23. Rxg8 Kxg8 24. fxe5 fxe5 25. Qxh6 Qxc2 26. Qg5+ Kf8 27. Qd8+ Kg7 28. Qxc7 d5 29. exd5 Qd1+ 30. Kh2 Qe2+ 31. Kg3 Qe3+ 32. Kh2 Qf2+ 33. Kh1 Qf1+ 34. Kh2 Qf2+ 35. Kh1 Qf3+ 36. Kg1 Qxd5 37. Qxa7 Qxd3 38. Qc5 Qb1+ 39. Kg2 Qxa2+ 40. Kg3 Qd5 41. Qe3 f6 42. Qa7+ Qf7 43. Qb6 Qg6+ 44. Kh2 Qc2+ 45. Kg3 Qxc3+ 46. Kg4 Qc4+ 47. Kf5 Qf4+ 48. Ke6 Qc4+ 49. Kf5 c5 50. Qxf6+ Kg8 51. Qg6+ Kf8 52. Qf6+ Qf7 53. Qxf7+ Kxf7 54. Kxe5 c4 55. Kd4 Kg6 56. Kxc4 Kh5 57. Kd3 Kh4 58. Ke3 Kxh3 1/2-1/2